| 000 | 00813cam a2200277 4500 | ||
|---|---|---|---|
| 001 | 24104 | ||
| 003 | BD-RjUL | ||
| 005 | 20211209001017.0 | ||
| 008 | 140312s1969 onc b 000 0 eng | ||
| 035 | _a(BD-RjUL)24170 | ||
| 040 |
_aDLC _cDLC _dDLC _beng |
||
| 041 | _aeng | ||
| 082 | 0 | 0 |
_a001.50924 _bDUM 1969 |
| 100 | 1 |
_aDuffy, Dennis, _d1938- _974259 |
|
| 245 | 1 | 0 |
_aMarshall McLuhan / _cDennis Duffy |
| 260 |
_aToronto : _aMontreal : _bMcClelland and Stewart, _cc1969 |
||
| 300 |
_a64 p. ; _c19 cm. |
||
| 350 | _a0.95 | ||
| 490 | 0 | _aNew Canadian library. Canadian writers, no. 1 | |
| 504 | _aBibliography: p. 59-61. | ||
| 600 | 1 | 0 |
_aMcLuhan, Marshall, _d1911-1980. _91863 |
| 651 | 0 |
_aCanada _xIntellectual life _y20th century. _967531 |
|
| 942 |
_2ddc _cBK |
||
| 999 |
_c24104 _d24104 |
||